LEADER 01402nam a2200337 a 4500 001 000000127551 003 CaOOAMICUS 005 20120208130105.0 008 120208s2011 it u000 u ita r 040 $aPUL$bita 041 1 $aita$hger 082 04$a150 100 1 $aFreud, Sigmund,$d1856-1939.$0(OLS)http://pul/name/1881 245 13$aIl sogno e Scritti su ipnosi e suggestione /$cSigmund Freud. 246 13$aScritti su ipnosi e suggestione 260 $aMilano :$bIl Sole 24 ore,$cİ2011$aRoma :$bNewton Compton Editori 300 $a295 p. ;$c22 cm 490 1 $aTutto Freud ;$v11 500 $aEd. speciale per Il Sole 24 Ore. 500 $aSul front.: Edizione integrale. 650 4$aPsicologia$xSogni.$0(OLS)http://pul/subject/7753 830 0$aTutto Freud ;$v11.$0(OLS)http://pul/title/160403 850 $aPUL 852 $aPUL$W1$xSL Filosofia 3$y81$m150 COLL 5.11$j147582$qDDC 21$B146212$CPULBib$Z2$F146212 $H119138 $82 941 1 $a9 996 $6082$a150$9(OLS)http://pul/classification/361 996 $6245$aIl sogno e Scritti su ipnosi e suggestione$9(OLS)http://pul/title/161181 996 $6246$aScritti su ipnosi e suggestione$9(OLS)http://pul/title/161182 996 $6260$aMilano :$bIl Sole 24 ore$9(OLS)http://pul/publisher/69212 996 $6260$aRoma :$bNewton Compton Editori$9(OLS)http://pul/publisher/68839 LEADER 01907nam a2200313 u 4500 001 000000017531 003 CaOOAMICUS 005 20070226110121.0 008 940713m19519999it af u000 u ita u 035 $a10409301 040 $aBSR$bita 100 1 $aCecchelli, Carlo,$d1893-1960.$0(OLS)http://pul/name/224 245 10$aVita di Roma nel medio evo /$cCarlo Cecchelli. 260 $aRoma :$bF.lli Palombi,$c1951- 300 $a2 v. :$bill. ;$c25 cm 500 $aIncludes indexes. 505 0 $a- I. Arti minori e il costume. 1. l'oreficeria. - 2. Gemme, cammei, etc. - 3. Vetri e ceramiche. - 4. Avori. - 5-6. Legni e stoffe. - 7. Arte scrittoria. Miniature. I. - 8. Le miniature. II. - 9-10. Le miniature. III. - 11. Tarsie, stucchi, etc. - 12. Il costume. I. - 13. Il costume. II. - 14. Il costume. III. - 15. Il costume. IV. - 16. Il costume. V. - 17. Supplemento - Indici. 650 0$aMedievalism$zItaly$zRome.$2//eng$0(OLS)http://pul/subject/5726 650 0$aDecorative arts, Medieval$zItaly$zRome.$2//eng$0(OLS)http://pul/subject/10559 651 0$aRome (Italy)$xHistory$y476-1420.$2//eng$0(OLS)http://pul/subject/1109 651 0$aRome (Italy)$xHistory$y1420-1798.$2//eng$0(OLS)http://pul/subject/3239 651 0$aRome (Italy)$xSocial life and customs$y476-1420.$2//eng$0(OLS)http://pul/subject/12315 651 0$aRome (Italy)$xSocial life and customs$y1420-1798.$2//eng$0(OLS)http://pul/subject/6144 850 $aPUL 852 $aPUL$W1$xDP1 Fondo Cecchetti$y53$m269 H 2-3$j24702$nBK-PRI$b $qFondi$B24702$CPULBib$Z2$F24702 $HPUL2888-2889 $81 852 $aPUL$W1$xDP1 Fondo Cecchetti$y53$m269 H 2-3$j24702$nBK-PRI$b $qFondi$B24703$CPULBib$Z2$F24703 $HPUL2888-2889 $81 941 1 $a1 996 $6245$aVita di Roma nel medio evo$9(OLS)http://pul/title/25088 996 $6260$aRoma :$bF.lli Palombi$9(OLS)http://pul/publisher/55368